Answers start with S - Statistics

General Stats
  • This quiz has been taken 76 times
  • The average score is 16 of 24
Answer Stats
Hint Answer % Correct
What a gun does Shoot
98%
Opposite of Fork Spoon
95%
A animal that slithers Snake
89%
What you clean your hands when you wash your hands Soap
86%
The opposite of pepper Salt
83%
Another word for Saliva Spit
83%
Its blue and its up Sky
82%
Beyond Earth Space
79%
Something you wear on you neck in the winter time Scarf
77%
You eat this when your sick Soup
77%
Something that tightens screws Screwdriver
76%
What spider webs are made of Silk
65%
What you put on spaghetti Sauce
64%
Pepper, Parsley, all that stuff is what Spices
64%
What you use in a shower Shampoo
61%
Something that cuts Scissors
59%
Another word for smack Slap
59%
You Self
53%
Another word for rock Stone
52%
Another word for take Steal
42%
When you rub against wood Splinter
39%
Another word for pop Soda
35%
What makes a plant grow Seed
27%
An object that connects stuff with a tiny metal piece Stapler
8%
No matching quizzes found
Score Distribution
Percent of People with Each Score
Percentile by Number Answered
Your Score History
You have not taken this quiz